| 000 | 00429nam a2200157 a 4500 | ||
|---|---|---|---|
| 005 | 20260428115849.0 | ||
| 008 | 260427s2003##################000#0#eng## | ||
| 020 |
_a9780231130080 _qhbk |
||
| 082 | 0 | 4 |
_a378.7471 _bMCC |
| 100 | 1 | _aMcCaughey, Robert A. | |
| 245 | 1 | 0 |
_aStand, Columbia _c/ Robert A. McCaughey |
| 260 |
_bColumbia University Press _c2003. |
||
| 300 | _a715 pages | ||
| 650 | _aHigher education | ||
| 942 | _cENGLISH | ||
| 999 |
_c620019 _d620019 |
||